000 00627nam a2200193Ia 4500
005 20250508163534.0
008 008 250505s9999 xx 000 0 eng d
037 _aDissertations
040 _aFEDL
_beng
_cFEDL
041 _aeng
_2eng
084 _a510.7, ARO/DI
_qFEDL
100 _aArora Tapsa
_9775587
245 0 _aTo study of the impact of vocational and educational information related mathematics on the achievement of students in mathematics
260 _c1997
300 _a110p.
546 _aM.Ed. Dissertation (Delhi University)
942 _cDIS
_h510.7, ARO/DI
999 _c1383955
_d1383955